UM Logo

Practical qualitative : (Record no. 14777)

MARC details
000 -LEADER
fixed length control field 00579nam a2200169 4500
008 - FIXED-LENGTH DATA ELEMENTS--GENERAL INFORMATION
fixed length control field 191210b ||||| |||| 00| 0 eng d
020 ## - INTERNATIONAL STANDARD BOOK NUMBER
International Standard Book Number 978-971-9645-31-3
082 ## - DEWEY DECIMAL CLASSIFICATION NUMBER
Edition number 2016
Classification number DFil 300.72
Item number B862
100 ## - MAIN ENTRY--PERSONAL NAME
Personal name Bueno, David Cababaro Dr.
9 (RLIN) 40861
245 ## - TITLE STATEMENT
Title Practical qualitative :
Remainder of title research writing /
Statement of responsibility, etc. Dr. David Cababaro Bueno
260 ## - PUBLICATION, DISTRIBUTION, ETC. (IMPRINT)
Place of publication, distribution, etc. Quezon City :
Name of publisher, distributor, etc. Great Books Trading,
Date of publication, distribution, etc. ©2016
300 ## - PHYSICAL DESCRIPTION
Extent viii, 261 pages ;
Dimensions 22 cm
500 ## - GENERAL NOTE
General note Includes bibliographical references and index.
650 ## - SUBJECT ADDED ENTRY--TOPICAL TERM
Topical term or geographic name as entry element Qualitative research
9 (RLIN) 40862
365 ## - TRADE PRICE
Price amount 480.00
Currency code Php
942 ## - ADDED ENTRY ELEMENTS (KOHA)
Source of classification or shelving scheme Dewey Decimal Classification
Koha item type Filipiniana
Holdings
Withdrawn status Lost status Source of classification or shelving scheme Damaged status Not for loan Collection code Home library Current library Source of acquisition Cost, normal purchase price Total Checkouts Full call number Barcode Date last seen Copy number Price effective from Koha item type
    Dewey Decimal Classification     Filipiniana UM Digos College - LIC UM Digos College - LIC Purchased 480.00   DFil 300.72 B862 2016 24715 05/15/2025 1 12/10/2019 Filipiniana